000 00689nam a22002057a 4500
999 _c10748
_d10748
003 AR-CdUCM
008 190401b ||||| |||| 00| 0 spa d
040 _aMUNICIPALIDAD PROVINCIAL DEL CUSCO
_cBIBLIOTECA MUNICIPAL DEL CUSCO
082 _aEP / 376.3 /
_bL26
100 _aLarota Quispe, francisco
_927755
245 _aTexto escolar de primer grado de primaria /
260 _aArequipa :
_c2007.
300 _a50 páginas ;
_bFotografías,
_c29 cm.
505 _aContenido: Texto para desarrollar capacidades comunicativas.
650 _aDesarrollo psicomotor
_927756
650 _aTexto escolar
_92070
650 _aComprensión oral
_927757
942 _2ddc
_cLIBROS
945 _adavv